| 000 | 00619nam a2200145Ia 4500 | ||
|---|---|---|---|
| 003 | GCL | ||
| 008 | 140319s9999 xx 000 0 ara d | ||
| 040 |
_aGCL / _cGCL |
||
| 082 | 0 | 4 |
_a811.6 _bا د |
| 100 | 1 | _aابن زيدون : ابوالوليد احمد بن عبدالله بن احمد بن غالب المخزومى القرطبى | |
| 245 | 1 | 0 |
_aديوان ابن زيدون و رسائلة / _cابن زيدون : ابوالوليد احمد بن عبدالله بن احمد بن غالب المخزومى القرطبى |
| 700 | 1 | _aعلى عبدالعظيم (شرح) | |
| 300 | _a809 | ||
| 490 |
_a100 قصة _v0 |
||
| 999 |
_c43315 _d43315 |
||